Statistics for Top 10 U.S. States by Land Area Percentage

Click here to take the quiz!

General Stats

  • This quiz has been taken 27 times
  • The average score is 8 of 10

Answer Stats

%State% Correct
99.37Kansas
88%
99.28Nevada
88%
99.65Arizona
83%
99.57Colorado
83%
98.98Montana
83%
99.26Iowa
79%
99.32Nebraska
79%
99.76New Mexico
79%
99.26Wyoming
79%
99.21West Virginia
38%

Score Distribution

Percentile by Number Answered

Percent of People with Each Score

Your Score History

You have not taken this quiz